| 000 | 00449nab a2200145Ia 4500 | ||
|---|---|---|---|
| 003 | ES-SlBCS | ||
| 005 | 20210601125239.0 | ||
| 008 | 140529s1978 xxu||||| |||| 00| 0 eng d | ||
| 041 | _aeng | ||
| 100 | 1 |
_aFrey, R. G. _9132514 |
|
| 245 | 0 | 0 |
_aCausal Responsibility and Contributory Causation _c R. G. Frey |
| 650 | 0 | 4 |
_aResponsabilidad _991025 |
| 773 | 0 |
_tPhilosophy and Phenomenological Research _gvol. 39, 1978, págs. 106-119 _wRev1411 |
|
| 942 | _cAR | ||
| 999 |
_c527190 _d527190 |
||